|
|
|
|
| LEADER |
00737naa a2200181 i 4500 |
| 001 |
acta57971 |
| 005 |
20260224081030.0 |
| 008 |
190425s2013 hu o 000 hun d |
| 020 |
|
|
|a 978-1-4438-4620-2
|
| 040 |
|
|
|a SZTE Egyetemi Kiadványok Repozitórium
|b hun
|
| 041 |
|
|
|a hun
|
| 100 |
1 |
|
|a Mihályi Péter
|
| 245 |
1 |
4 |
|a The causes of slow growth in Hungary
|h [elektronikus dokumentum] /
|c Mihályi Péter
|
| 260 |
|
|
|c 2013
|
| 300 |
|
|
|a 241-270
|
| 490 |
0 |
|
|a The Aftermath of the Global Crisis in the European Union
|
| 695 |
|
|
|a Európai Unió - gazdaságpolitika - tanulmányok, Gazdasági válság - 2008-2009, Pénzügyi politika
|
| 856 |
4 |
0 |
|u http://acta.bibl.u-szeged.hu/57971/1/the_aftermath_of_the_global_crisis_241-270.pdf
|z Dokumentum-elérés
|